Famous People by Pictures - L - Statistics

General Stats
  • This quiz has been taken 71 times
  • The average score is 8 of 30
Answer Stats
Picture Answer % Correct
Lykke Li
95%
Lionel Messi
79%
Lucy Liu
75%
Lisa Kudrow
60%
Lenny Kravitz
56%
Lana Del Rey
54%
Lindsay Lohan
51%
Liam Hemsworth
49%
Lil Nas X
46%
Liam Payne
37%
Ludacris
37%
Lily Collins
35%
Louis Tomlinson
25%
Lisa
23%
Lil Uzi Vert
21%
Lea Michele
19%
Lil Peep
16%
Leona Lewis
14%
Lili Reinhart
12%
Leigh-Anne Pinnock
9%
Loreen
7%
Laura Marano
5%
Lauren Jauregui
5%
Luke Hemmings
5%
Lara Fabian
4%
Logan Henderson
4%
Leigh Allyn Baker
2%
Lucy Maud Montgomery
2%
Lu Han
2%
Lauren German
0%
No matching quizzes found
Score Distribution
Percent of People with Each Score
Percentile by Number Answered
Your Score History
You have not taken this quiz